[Event "34th European Club Cup 2018"]
[Site "Halkidiki"]
[Date "2018.10.17"]
[Round "6"]
[White "Efimenko, Zahar"]
[Black "Mastrovasilis, Dimitrios"]
[Result "1/2-1/2"]
[WhiteElo "2641"]
[BlackElo "2595"]
[Annotator "TA"]
[PlyCount "115"]
[EventDate "2018.10.12"]
[EventType "team-tourn"]
[EventCountry "GRE"]
[SourceTitle "playchess.com"]
[Source "ChessBase"]
[SourceQuality "1"]
[WhiteTeam "Beer Sheva"]
[BlackTeam "Thessalonikis"]

1. Nf3 d5 2. g3 Nf6 3. Bg2 e6 4. O-O Be7 5. c4 O-O 6. b3 d4 7. e3 c5 8. exd4 cxd4 9. d3 Nc6 10. Qe2 Nd7 11. Ba3 e5 12. Bxe7 Qxe7 13. Re1 a5 14. Nbd2 a4 15. Nh4 axb3 16. Nxb3 Nc5 17. Nxc5 Qxc5 18. Rab1 Qa5 19. Qh5 g6 20. Qh6 Qd8 21. Rb2 Qf6 22. Be4 Re8 23. Nf3 Re7 24. h4 Bf5 25. Bxf5 Qxf5 26. Ng5 f6 27. Ne4 Ra3 28. Qd2 Qf3 29. Rb3 Rxb3 30. axb3 Kg7 31. b4 Nd8 32. b5 Nf7 33. c5 f5 34. Nd6 Qd5 35. Nxf7 Rxf7 36. Rc1 f4 37. c6 bxc6 38. bxc6 Rc7 39. gxf4 Rxc6 40. Rxc6 Qxc6 41. fxe5 Qf3 42. Qg5 Kf7 43. Qg2 Qd1+ 44. Kh2 Qxd3 45. Qd5+ Kg7 46. e6 Kf6 47. Qd7 Qe4 48. Qf7+ Ke5 49. f4+ Kd6 50. Qd7+ Kc5 51. Qc7+ Kb5 52. e7 Qe2+ 53. Kg3 Qd3+ 54. Kf2 Qd2+ 55. Kf1 Qd1+ 56. Kg2 Qe2+ 57. Kg3 Qd3+ 58. Kg2 1/2-1/2

[Event "34th European Club Cup 2018"]
[Site "Halkidiki"]
[Date "2018.10.17"]
[Round "6"]
[White "Abasov, Nijat"]
[Black "Takacs, Laszlo"]
[Result "1-0"]
[WhiteElo "2627"]
[BlackElo "2245"]
[Annotator "TA"]
[PlyCount "71"]
[EventDate "2018.10.12"]
[EventType "team-tourn"]
[EventCountry "GRE"]
[SourceTitle "playchess.com"]
[Source "ChessBase"]
[SourceQuality "1"]
[WhiteTeam "Odlar Yurdu"]
[BlackTeam "Dunajska Streda"]

1. e4 c6 2. d4 d5 3. exd5 cxd5 4. Bd3 Nc6 5. c3 Nf6 6. Ne2 e5 7. dxe5 Nxe5 8. O-O Bd6 9. Bb5+ Bd7 10. Bxd7+ Qxd7 11. Bg5 Ne4 12. Bf4 Bc7 13. Nd2 O-O-O 14. Bxe5 Bxe5 15. Nf3 Bc7 16. Qd3 g5 17. Nfd4 g4 18. Ng3 Rhe8 19. Rae1 Nc5 20. Qxh7 Rh8 21. Qf5 Ne4 22. Re2 Rh6 23. Qxd7+ Kxd7 24. Ndf5 Rh7 25. Rd1 Nxg3 26. Rxd5+ Kc6 27. Ne7+ Kb6 28. fxg3 Rdh8 29. Rf5 Ka6 30. Nd5 Bd6 31. Rf6 Rh6 32. Rxf7 Bc5+ 33. Kf1 Rd6 34. Re6 Rxe6 35. Nc7+ Kb6 36. Nxe6 1-0

[Event "34th European Club Cup 2018"]
[Site "Halkidiki"]
[Date "2018.10.17"]
[Round "6"]
[White "Bauer, Christian"]
[Black "Andersen, Mads"]
[Result "1/2-1/2"]
[WhiteElo "2626"]
[BlackElo "2597"]
[Annotator "TA"]
[PlyCount "101"]
[EventDate "2018.10.12"]
[EventType "team-tourn"]
[EventCountry "GRE"]
[SourceTitle "playchess.com"]
[Source "ChessBase"]
[SourceQuality "1"]
[WhiteTeam "Zurich"]
[BlackTeam "Solingen"]

1. b3 g6 2. Bb2 Nf6 3. Nf3 Bg7 4. g3 O-O 5. Bg2 d5 6. c4 c6 7. O-O b6 8. d3 Bb7 9. Re1 c5 10. cxd5 Nxd5 11. Bxg7 Kxg7 12. d4 cxd4 13. Qxd4+ Nf6 14. Nc3 Qxd4 15. Nxd4 Bxg2 16. Kxg2 a6 17. e4 e5 18. Nf3 Nbd7 19. Rad1 Rac8 20. Re3 Rc6 21. Ne1 Rfc8 22. Ne2 Nc5 23. f3 h5 24. h4 a5 25. Rc3 Ne8 26. Nd3 Nxd3 27. Rdxd3 Kf8 28. Kf2 Ke7 29. Ke3 Ke6 30. a4 f5 31. exf5+ gxf5 32. Rxc6+ Rxc6 33. f4 Nf6 34. fxe5 Kxe5 35. Nf4 Rc2 36. Ng6+ Ke6 37. Nf4+ Ke5 38. Kf3 Rb2 39. Ng6+ Ke6 40. Nf4+ Ke5 41. Re3+ Kd4 42. Ne2+ Kd5 43. Kf4 Ng4 44. Rd3+ Ke6 45. Nd4+ Kf6 46. Rc3 Rf2+ 47. Rf3 Rd2 48. Nb5 Kg6 49. Rc3 Rf2+ 50. Rf3 Rd2 51. Rc3 1/2-1/2

[Event "34th European Club Cup 2018"]
[Site "Halkidiki"]
[Date "2018.10.17"]
[Round "6"]
[White "Predojevic, Borki"]
[Black "Eljanov, Pavel"]
[Result "1/2-1/2"]
[WhiteElo "2616"]
[BlackElo "2703"]
[Annotator "TA"]
[PlyCount "60"]
[EventDate "2018.10.12"]
[EventType "team-tourn"]
[EventCountry "GRE"]
[SourceTitle "playchess.com"]
[Source "ChessBase"]
[SourceQuality "1"]
[WhiteTeam "Valerenga"]
[BlackTeam "Alkaloid"]

1. e4 e5 2. Nf3 Nc6 3. Bb5 Nf6 4. O-O Nxe4 5. Re1 Nd6 6. Nxe5 Be7 7. Bf1 Nxe5 8. Rxe5 O-O 9. d4 Bf6 10. Re1 Re8 11. c3 Rxe1 12. Qxe1 Ne8 13. d5 Qe7 14. Qxe7 Bxe7 15. Nd2 Nf6 16. c4 c6 17. dxc6 dxc6 18. Nb3 a5 19. a4 Bb4 20. Be3 Bf5 21. h3 h5 22. Nc5 Nd7 23. Nxd7 Bxd7 24. Bd3 Be6 25. Kf1 Rd8 26. Ke2 f6 27. Rd1 Rd7 28. b3 Kf7 29. f4 g6 30. Be4 Rxd1 1/2-1/2

[Event "34th European Club Cup 2018"]
[Site "Halkidiki"]
[Date "2018.10.17"]
[Round "6"]
[White "Roiz, Michael"]
[Black "Malikentzos, Sotirios"]
[Result "1-0"]
[WhiteElo "2607"]
[BlackElo "2441"]
[Annotator "TA"]
[PlyCount "71"]
[EventDate "2018.10.12"]
[EventType "team-tourn"]
[EventCountry "GRE"]
[SourceTitle "playchess.com"]
[Source "ChessBase"]
[SourceQuality "1"]
[WhiteTeam "Beer Sheva"]
[BlackTeam "Thessalonikis"]

1. c4 e6 2. g3 d5 3. Bg2 Nf6 4. d4 Bb4+ 5. Bd2 a5 6. Qc2 O-O 7. Nf3 dxc4 8. Qxc4 Bxd2+ 9. Nbxd2 b6 10. Qc2 Ba6 11. Ne4 Nxe4 12. Qxe4 Ra7 13. O-O Nd7 14. Qe3 Bb7 15. Rfd1 Qa8 16. Rac1 c5 17. dxc5 Nxc5 18. Rd6 Bc6 19. Ne1 Rc7 20. Rxc6 Rxc6 21. Nd3 Qc8 22. Bxc6 Qxc6 23. Nxc5 bxc5 24. Rxc5 Qb7 25. Rxa5 Qxb2 26. Qf3 Qb8 27. a4 h6 28. Rb5 Qe8 29. Qb7 Qd8 30. a5 Qd1+ 31. Kg2 Qxe2 32. a6 Qa2 33. a7 Qa4 34. Rb6 Qe8 35. Qb8 Qa4 36. Qxf8+ 1-0

[Event "34th European Club Cup 2018"]
[Site "Halkidiki"]
[Date "2018.10.17"]
[Round "6"]
[White "Chigaev, Maksim"]
[Black "Damjanovic, Vuk"]
[Result "1-0"]
[WhiteElo "2599"]
[BlackElo "2031"]
[Annotator "ChessBase"]
[PlyCount "67"]
[EventDate "2018.10.12"]
[EventType "team-tourn"]
[EventCountry "GRE"]
[SourceTitle "playchess.com"]
[Source "ChessBase"]
[SourceQuality "1"]
[WhiteTeam "Molodezhka"]
[BlackTeam "Itaka"]

1. e4 c6 2. d4 d5 3. exd5 cxd5 4. Bd3 Nc6 5. c3 Nf6 6. h3 e5 7. dxe5 Nxe5 8. Qe2 Ne4 9. Bb5+ Bd7 10. Nf3 Bxb5 11. Qxb5+ Nc6 12. Qxb7 Rc8 13. O-O Bc5 14. Qb5 O-O 15. Nbd2 Bb6 16. Nxe4 dxe4 17. Ng5 Qf6 18. Nxe4 Qg6 19. Ng3 Qxg3 20. Qxb6 Qxc3 21. bxc3 axb6 22. Be3 Ne7 23. Bxb6 Nd5 24. Rfb1 Nxc3 25. Rb3 Na4 26. Be3 Rc2 27. a3 h6 28. Rc1 Rxc1+ 29. Bxc1 Rc8 30. Be3 Ra8 31. Bd4 Ra5 32. Rb8+ Kh7 33. Rc8 Ra6 34. Rc4 1-0

[Event "34th European Club Cup 2018"]
[Site "Halkidiki"]
[Date "2018.10.17"]
[Round "6"]
[White "Potkin, Vladimir"]
[Black "Indjic, Aleksandar"]
[Result "1/2-1/2"]
[WhiteElo "2597"]
[BlackElo "2604"]
[Annotator "TA"]
[PlyCount "99"]
[EventDate "2018.10.12"]
[EventType "team-tourn"]
[EventCountry "GRE"]
[SourceTitle "playchess.com"]
[Source "ChessBase"]
[SourceQuality "1"]
[WhiteTeam "Molodezhka"]
[BlackTeam "Itaka"]

1. d4 Nf6 2. c4 e6 3. Nf3 c5 4. e3 cxd4 5. exd4 Bb4+ 6. Nc3 O-O 7. Bd3 b6 8. O-O Bb7 9. Re1 d6 10. Bg5 Nbd7 11. Rc1 Rc8 12. a3 Bxc3 13. Rxc3 Re8 14. Nd2 Qc7 15. Bb1 h6 16. Bh4 Qb8 17. Bg3 e5 18. dxe5 dxe5 19. Rce3 Rcd8 20. Qe2 Qa8 21. f3 a5 22. Nf1 Qc8 23. b4 axb4 24. axb4 Ba6 25. Bd3 Nh5 26. Qc2 Nxg3 27. Nxg3 Qc7 28. Ne4 f5 29. Nc3 e4 30. Nd5 Qe5 31. fxe4 f4 32. Rf3 Bb7 33. Qf2 Bxd5 34. cxd5 Rf8 35. Bb5 Nf6 36. h3 g5 37. Rd3 g4 38. Qd4 Qg5 39. e5 Nh5 40. hxg4 Qh4 41. Qe4 f3 42. Rxf3 Rxf3 43. gxh5 Qf2+ 44. Kh2 Qg3+ 45. Kg1 Kh8 46. e6 Rxd5 47. Qxd5 Qxe1+ 48. Kh2 Qh4+ 49. Kg1 Qe1+ 50. Kh2 1/2-1/2

[Event "34th European Club Cup 2018"]
[Site "Halkidiki"]
[Date "2018.10.17"]
[Round "6"]
[White "Antipov, Mikhail Al."]
[Black "Vuckovic, Bojan"]
[Result "1-0"]
[WhiteElo "2593"]
[BlackElo "2588"]
[Annotator "ChessBase"]
[PlyCount "71"]
[EventDate "2018.10.12"]
[EventType "team-tourn"]
[EventCountry "GRE"]
[SourceTitle "playchess.com"]
[Source "ChessBase"]
[SourceQuality "1"]
[WhiteTeam "Molodezhka"]
[BlackTeam "Itaka"]

1. e4 c5 2. Nf3 Nc6 3. Bb5 g6 4. Bxc6 bxc6 5. O-O Bg7 6. Re1 Nh6 7. c3 O-O 8. h3 f5 9. e5 Nf7 10. d3 Qc7 11. Bf4 d6 12. Qe2 Ba6 13. c4 d5 14. Nc3 Nd8 15. Na4 Ne6 16. g3 Rad8 17. b3 h6 18. h4 Kh7 19. Rac1 Bc8 20. Qe3 d4 21. Qd2 Bd7 22. Kg2 Be8 23. Re2 Rg8 24. Rh1 Bf8 25. Nxc5 Nxc5 26. e6 Qc8 27. Ng5+ Kh8 28. b4 Rg7 29. bxc5 hxg5 30. hxg5+ Kg8 31. Be5 Rh7 32. Rxh7 Kxh7 33. Qf4 Bg7 34. Qh4+ Kg8 35. Bxg7 Kxg7 36. Re1 1-0

[Event "34th European Club Cup 2018"]
[Site "Halkidiki"]
[Date "2018.10.17"]
[Round "6"]
[White "Goganov, Aleksey"]
[Black "Nordquelle, Daniel"]
[Result "1-0"]
[WhiteElo "2592"]
[BlackElo "2235"]
[Annotator "ChessBase"]
[PlyCount "87"]
[EventDate "2018.10.12"]
[EventType "team-tourn"]
[EventCountry "GRE"]
[SourceTitle "playchess.com"]
[Source "ChessBase"]
[SourceQuality "1"]
[WhiteTeam "St.Petersburg"]
[BlackTeam "Nordstrand"]

1. c4 Nf6 2. Nf3 e6 3. g3 d5 4. Bg2 d4 5. O-O c5 6. e3 Nc6 7. exd4 cxd4 8. d3 Bd6 9. a3 a5 10. Bg5 h6 11. Bxf6 Qxf6 12. Nbd2 Qe7 13. Re1 O-O 14. Rc1 e5 15. Ne4 Bc7 16. c5 Be6 17. Qa4 Qd7 18. Nfd2 f5 19. Nd6 Bxd6 20. cxd6 Qxd6 21. Bxc6 bxc6 22. Qxc6 Qxc6 23. Rxc6 Bd7 24. Rd6 Bb5 25. Rxe5 Bxd3 26. Rxd4 Rfd8 27. Rxa5 Rxd4 28. Rxa8+ Kh7 29. f4 Bc2 30. Nf3 Rd3 31. Rc8 Ba4 32. Rc3 Rd1+ 33. Kf2 Rb1 34. b4 Bb5 35. Nd4 Ba4 36. Nxf5 Rb2+ 37. Ke3 Rxh2 38. Rc7 Ra2 39. Rxg7+ Kh8 40. Ra7 Rxa3+ 41. Kd4 Ra1 42. Ne3 Ra2 43. b5 Rd2+ 44. Kc4 1-0

[Event "34th European Club Cup 2018"]
[Site "Halkidiki"]
[Date "2018.10.17"]
[Round "6"]
[White "Svetushkin, Dmitry"]
[Black "Yuffa, Daniil"]
[Result "1/2-1/2"]
[WhiteElo "2592"]
[BlackElo "2563"]
[Annotator "ChessBase"]
[PlyCount "63"]
[EventDate "2018.10.12"]
[EventType "team-tourn"]
[EventCountry "GRE"]
[SourceTitle "playchess.com"]
[Source "ChessBase"]
[SourceQuality "1"]
[WhiteTeam "Itaka"]
[BlackTeam "Molodezhka"]

1. e4 Nf6 2. e5 Nd5 3. d4 d6 4. Nf3 g6 5. Bc4 Nb6 6. Bb3 Bg7 7. O-O O-O 8. Re1 dxe5 9. Nxe5 Bxe5 10. dxe5 Qxd1 11. Rxd1 Nc6 12. Bh6 Re8 13. Nc3 Bf5 14. Bf4 Na5 15. Nb5 Nxb3 16. cxb3 c6 17. Nc7 Nd5 18. Nxd5 cxd5 19. Rxd5 Red8 20. Rb5 Rd7 21. Rc1 Rad8 22. f3 b6 23. a4 Rd1+ 24. Kf2 Rxc1 25. Bxc1 Be6 26. Rb4 Kf8 27. Rh4 h5 28. b4 Rc8 29. Bh6+ Ke8 30. Re4 Rc2+ 31. Re2 Rxe2+ 32. Kxe2 1/2-1/2

[Event "34th European Club Cup 2018"]
[Site "Halkidiki"]
[Date "2018.10.17"]
[Round "6"]
[White "Agrest, Evgenij"]
[Black "Ashton, Adam G"]
[Result "1-0"]
[WhiteElo "2580"]
[BlackElo "2359"]
[Annotator "ChessBase"]
[PlyCount "75"]
[EventDate "2018.10.12"]
[EventType "team-tourn"]
[EventCountry "GRE"]
[SourceTitle "playchess.com"]
[Source "ChessBase"]
[SourceQuality "1"]
[WhiteTeam "Team Viking"]
[BlackTeam "Oldham"]

1. d4 d5 2. Bf4 Nf6 3. e3 c5 4. Nd2 Nc6 5. c3 Bf5 6. Ngf3 e6 7. Qb3 Qb6 8. Qxb6 axb6 9. Bc7 Nd7 10. Nh4 Rc8 11. Bf4 Bg6 12. Nxg6 hxg6 13. Be2 Nf6 14. h3 Kd7 15. Nf3 Bd6 16. Ne5+ Bxe5 17. dxe5 Ne8 18. Bg3 Nc7 19. O-O-O Ke7 20. Kb1 Ra8 21. h4 Ra4 22. h5 gxh5 23. Rxh5 Rxh5 24. Bxh5 b5 25. Rh1 b4 26. Bd1 Ra8 27. cxb4 Nxb4 28. a3 Nc6 29. Rh7 Rg8 30. f4 Na5 31. Bf2 Nc4 32. Kc1 b6 33. Be2 Na5 34. Kc2 Nc6 35. g4 f6 36. Bh4 Kf7 37. exf6 e5 38. f5 1-0

[Event "34th European Club Cup 2018"]
[Site "Halkidiki"]
[Date "2018.10.17"]
[Round "6"]
[White "Mikhalevski, Victor"]
[Black "Zawadzka, Jolanta"]
[Result "1-0"]
[WhiteElo "2565"]
[BlackElo "2421"]
[Annotator "TA"]
[PlyCount "55"]
[EventDate "2018.10.12"]
[EventType "team-tourn"]
[EventCountry "GRE"]
[SourceTitle "playchess.com"]
[Source "ChessBase"]
[SourceQuality "1"]
[WhiteTeam "Beer Sheva"]
[BlackTeam "Thessalonikis"]

1. c4 e6 2. g3 d5 3. Bg2 Nf6 4. Nf3 Be7 5. O-O O-O 6. b3 d4 7. e3 c5 8. exd4 cxd4 9. Ne5 Nfd7 10. Nxd7 Nxd7 11. d3 e5 12. f4 a5 13. Qe2 Bd6 14. Nd2 exf4 15. Ne4 Qe7 16. Bxf4 Bb4 17. a3 Bxa3 18. Rxa3 Qxa3 19. Bd6 Qxb3 20. Bxf8 Nxf8 21. Nc5 Qb6 22. Qe8 Be6 23. Qxa8 Qxc5 24. Qxb7 g6 25. Bd5 Qd6 26. Rxf7 Qe5 27. Rf2 a4 28. Qa8 1-0

[Event "34th European Club Cup 2018"]
[Site "Halkidiki"]
[Date "2018.10.17"]
[Round "6"]
[White "David, Alberto"]
[Black "Ragger, Markus"]
[Result "0-1"]
[WhiteElo "2561"]
[BlackElo "2690"]
[Annotator "TA"]
[PlyCount "76"]
[EventDate "2018.10.12"]
[EventType "team-tourn"]
[EventCountry "GRE"]
[SourceTitle "playchess.com"]
[Source "ChessBase"]
[SourceQuality "1"]
[WhiteTeam "Padova"]
[BlackTeam "Novy Bor"]

1. e4 e5 2. Nf3 Nc6 3. Bb5 Nf6 4. d3 Bc5 5. c3 d5 6. Nbd2 dxe4 7. dxe4 O-O 8. O-O a5 9. Qe2 Qe7 10. Ba4 Nb8 11. Nc4 Bd7 12. Bc2 Bb5 13. a4 Ba6 14. Bd3 Nbd7 15. b3 Rfd8 16. Nb2 Bd6 17. Bxa6 Rxa6 18. Nd2 Qe6 19. Nd3 Nc5 20. Nxc5 Bxc5 21. Nc4 h6 22. h3 Raa8 23. Ra2 b6 24. Re1 Rd7 25. Rd2 c6 26. Rxd7 Nxd7 27. Rd1 Nf6 28. Qd3 b5 29. Nd2 bxa4 30. bxa4 Qa2 31. Re1 Qxa4 32. Nc4 Qb5 33. Bd2 a4 34. Rb1 Qa6 35. Bxh6 gxh6 36. Qg3+ Kh7 37. Nxe5 Qe2 38. Nd3 Rg8 0-1

[Event "34th European Club Cup 2018"]
[Site "Halkidiki"]
[Date "2018.10.17"]
[Round "6"]
[White "Handke, Florian"]
[Black "Hoffmann, Michael"]
[Result "1/2-1/2"]
[WhiteElo "2536"]
[BlackElo "2441"]
[Annotator "ChessBase"]
[PlyCount "47"]
[EventDate "2018.10.12"]
[EventType "team-tourn"]
[EventCountry "GRE"]
[SourceTitle "playchess.com"]
[Source "ChessBase"]
[SourceQuality "1"]
[WhiteTeam "Aachen"]
[BlackTeam "Eynatten"]

1. d4 Nf6 2. Nf3 d5 3. c4 e6 4. g3 dxc4 5. Bg2 a6 6. O-O Nc6 7. e3 Bd7 8. Qe2 Bd6 9. Qxc4 O-O 10. Nc3 b5 11. Qe2 b4 12. Na4 Nxd4 13. Nxd4 Bxa4 14. b3 Bd7 15. Bb2 c5 16. Nc6 Qc7 17. Bxf6 gxf6 18. Qg4+ Kh8 19. Qh4 Bxc6 20. Qxf6+ Kg8 21. Qg5+ Kh8 22. Qf6+ Kg8 23. Qg5+ Kh8 24. Qf6+ 1/2-1/2

[Event "34th European Club Cup 2018"]
[Site "Halkidiki"]
[Date "2018.10.17"]
[Round "6"]
[White "Chanda, Sandipan"]
[Black "Vogt, Lothar"]
[Result "1-0"]
[WhiteElo "2535"]
[BlackElo "2368"]
[Annotator "ChessBase"]
[PlyCount "49"]
[EventDate "2018.10.12"]
[EventType "team-tourn"]
[EventCountry "GRE"]
[SourceTitle "playchess.com"]
[Source "ChessBase"]
[SourceQuality "1"]
[WhiteTeam "Solingen"]
[BlackTeam "Zurich"]

1. d4 Nf6 2. c4 g6 3. Nc3 Bg7 4. e4 d6 5. Be2 O-O 6. Bg5 a6 7. Nf3 Bg4 8. O-O Nfd7 9. Be3 Nc6 10. d5 Bxf3 11. gxf3 Na5 12. Rc1 c5 13. f4 b6 14. Kh1 Nb7 15. Rg1 e6 16. dxe6 fxe6 17. f5 Qe8 18. fxg6 hxg6 19. f4 Bd4 20. Bxd4 cxd4 21. Bh5 Rf6 22. e5 Nxe5 23. fxe5 Qc6+ 24. Nd5 dxe5 25. Bf3 1-0

[Event "34th European Club Cup 2018"]
[Site "Halkidiki"]
[Date "2018.10.17"]
[Round "6"]
[White "Noe, Christopher"]
[Black "Elsness, Frode"]
[Result "1-0"]
[WhiteElo "2530"]
[BlackElo "2450"]
[Annotator "ChessBase"]
[PlyCount "75"]
[EventDate "2018.10.12"]
[EventType "team-tourn"]
[EventCountry "GRE"]
[SourceTitle "playchess.com"]
[Source "ChessBase"]
[SourceQuality "1"]
[WhiteTeam "Echternach"]
[BlackTeam "SK Oslo"]

1. d4 Nf6 2. c4 e6 3. Nc3 Bb4 4. e3 O-O 5. Nge2 c6 6. a3 Ba5 7. b4 Bc7 8. Ng3 d5 9. cxd5 exd5 10. Bd3 Re8 11. O-O Nbd7 12. Bc2 Nf8 13. f3 Ng6 14. Kh1 Be6 15. Rb1 Qd6 16. b5 Nh5 17. Nce2 Nxg3+ 18. Nxg3 c5 19. f4 Bd7 20. e4 dxe4 21. f5 Nf8 22. Bf4 Qb6 23. dxc5 Qxc5 24. Nxe4 Qb6 25. Bxc7 Qxc7 26. f6 g6 27. Qd2 Re5 28. Bb3 Rh5 29. Bxf7+ Kh8 30. Qd6 Rc8 31. Qxc7 Rxc7 32. Nd6 Bxb5 33. Rfe1 Bc6 34. Re7 Rd7 35. Re8 Rxf7 36. Nxf7+ Kg8 37. Re7 Nd7 38. Nd8 1-0

[Event "34th European Club Cup 2018"]
[Site "Halkidiki"]
[Date "2018.10.17"]
[Round "6"]
[White "Demuth, Adrien"]
[Black "Van der Lende, Ilias"]
[Result "1-0"]
[WhiteElo "2529"]
[BlackElo "2327"]
[Annotator "ChessBase"]
[PlyCount "55"]
[EventDate "2018.10.12"]
[EventType "team-tourn"]
[EventCountry "GRE"]
[SourceTitle "playchess.com"]
[Source "ChessBase"]
[SourceQuality "1"]
[WhiteTeam "KGSRL"]
[BlackTeam "Deloitte"]

1. Nf3 d5 2. g3 Nc6 3. d4 Bf5 4. Bg2 Nb4 5. Na3 e6 6. O-O h6 7. Ne5 Nc6 8. c4 Nxe5 9. dxe5 c6 10. cxd5 Bxa3 11. dxc6 Qxd1 12. Rxd1 Bc5 13. cxb7 Rb8 14. b4 Bxf2+ 15. Kxf2 Ne7 16. Be3 Nd5 17. Bxa7 Rxb7 18. Bc5 Bc2 19. Bxd5 exd5 20. Rxd5 Ba4 21. Rc1 h5 22. Bd6 Kd7 23. Bf8+ Ke6 24. Rd6+ Kf5 25. Bxg7 Rg8 26. e4+ Kg4 27. h3+ Kg5 28. Bh6# 1-0

[Event "34th European Club Cup 2018"]
[Site "Halkidiki"]
[Date "2018.10.17"]
[Round "6"]
[White "Werle, Jan"]
[Black "Ladva, Ottomar"]
[Result "1/2-1/2"]
[WhiteElo "2527"]
[BlackElo "2500"]
[Annotator "ChessBase"]
[PlyCount "121"]
[EventDate "2018.10.12"]
[EventType "team-tourn"]
[EventCountry "GRE"]
[SourceTitle "playchess.com"]
[Source "ChessBase"]
[SourceQuality "1"]
[WhiteTeam "Bremen"]
[BlackTeam "Reval"]

1. d4 Nf6 2. c4 e6 3. Nf3 d5 4. Nc3 c5 5. cxd5 Nxd5 6. e4 Nxc3 7. bxc3 cxd4 8. cxd4 Bb4+ 9. Bd2 Bxd2+ 10. Qxd2 O-O 11. Bc4 Nd7 12. O-O b6 13. Rfe1 Bb7 14. Rad1 Rc8 15. Bd3 h6 16. h3 Nf6 17. Bb1 Re8 18. Re3 Qc7 19. Ne5 Red8 20. Rg3 Nh5 21. Rb3 Nf6 22. Qf4 Nh5 23. Qh4 Qxe5 24. dxe5 Rxd1+ 25. Kh2 g6 26. Bd3 Rcc1 27. g3 Kg7 28. Qe7 Bc6 29. Qb4 a5 30. Qd4 b5 31. Rc3 b4 32. Rxc1 Rxc1 33. Kg2 Rc3 34. Kf1 Ba4 35. Ke2 Ra3 36. Bc4 Rc3 37. Bd3 Ra3 38. Bb1 Bb5+ 39. Kd2 Bf1 40. h4 Bb5 41. Kc1 Rc3+ 42. Kb2 Bc4 43. Qb6 Ra3 44. Qc5 Bf1 45. Bc2 Bg2 46. Qd4 Rf3 47. Qa7 Bf1 48. Bd1 Rd3 49. Bxh5 Rd2+ 50. Kc1 Rxa2 51. Bd1 a4 52. Bc2 Bc4 53. Qd4 Bb3 54. Bb1 Re2 55. Qxb4 Rxf2 56. Qc3 h5 57. Bd3 Rg2 58. Bc4 Rg1+ 59. Kb2 Rg2+ 60. Ka3 Rc2 61. Qf3 1/2-1/2

[Event "34th European Club Cup 2018"]
[Site "Halkidiki"]
[Date "2018.10.17"]
[Round "6"]
[White "Georgiadis, Nico"]
[Black "Ivanisevic, Ivan"]
[Result "0-1"]
[WhiteElo "2526"]
[BlackElo "2583"]
[Annotator "TA"]
[PlyCount "58"]
[EventDate "2018.10.12"]
[EventType "team-tourn"]
[EventCountry "GRE"]
[SourceTitle "playchess.com"]
[Source "ChessBase"]
[SourceQuality "1"]
[WhiteTeam "Winterthur"]
[BlackTeam "Sloven Ruma"]

1. d4 Nf6 2. c4 c5 3. d5 g6 4. Nc3 Bg7 5. e4 d6 6. Nf3 O-O 7. Bd3 e6 8. h3 exd5 9. exd5 Re8+ 10. Be3 Nbd7 11. O-O a6 12. Qd2 b5 13. cxb5 Nb6 14. Bg5 c4 15. Be2 axb5 16. Nd4 b4 17. Ncb5 Ba6 18. Bf3 c3 19. bxc3 bxc3 20. Qxc3 Ne4 21. Bxd8 Nxc3 22. Bxb6 Nxb5 23. Nc6 Na3 24. Rac1 Bxf1 25. Kxf1 Bb2 26. Re1 Nc4 27. Rxe8+ Rxe8 28. Bc7 Nd2+ 29. Kg1 Ba3 0-1

[Event "34th European Club Cup 2018"]
[Site "Halkidiki"]
[Date "2018.10.17"]
[Round "6"]
[White "Stojanovic, Mihajlo"]
[Black "Golubov, Saveliy"]
[Result "1/2-1/2"]
[WhiteElo "2522"]
[BlackElo "2476"]
[Annotator "ChessBase"]
[PlyCount "81"]
[EventDate "2018.10.12"]
[EventType "team-tourn"]
[EventCountry "GRE"]
[SourceTitle "playchess.com"]
[Source "ChessBase"]
[SourceQuality "1"]
[WhiteTeam "Itaka"]
[BlackTeam "Molodezhka"]

1. d4 Nf6 2. c4 g6 3. Nc3 Bg7 4. e4 d6 5. f3 O-O 6. Be3 c5 7. Nge2 cxd4 8. Nxd4 Nc6 9. Be2 Nxd4 10. Bxd4 Nd7 11. Rc1 a5 12. O-O Nc5 13. Kh1 Bd7 14. Bxg7 Kxg7 15. f4 Bc6 16. Qd4+ Kg8 17. Nd5 Nxe4 18. Qxe4 e6 19. f5 exd5 20. cxd5 Bd7 21. Bd3 Qg5 22. h4 Qh6 23. fxg6 fxg6 24. Qe7 Bf5 25. Bxf5 Rxf5 26. Kh2 Rxf1 27. Rxf1 Rf8 28. Qe6+ Kh8 29. Rxf8+ Qxf8 30. Kg3 Kg7 31. Qd7+ Kf6 32. Qxh7 Qe8 33. Kf3 Qa4 34. Qh8+ Kf7 35. Qh7+ Kf6 36. Qg8 Qd1+ 37. Kg3 Qe1+ 38. Kh3 Qh1+ 39. Kg3 Qe1+ 40. Kh3 Qh1+ 41. Kg3 1/2-1/2

[Event "34th European Club Cup 2018"]
[Site "Halkidiki"]
[Date "2018.10.17"]
[Round "6"]
[White "Mastrovasilis, Athanasios"]
[Black "Postny, Evgeny"]
[Result "1/2-1/2"]
[WhiteElo "2503"]
[BlackElo "2612"]
[Annotator "TA"]
[PlyCount "52"]
[EventDate "2018.10.12"]
[EventType "team-tourn"]
[EventCountry "GRE"]
[SourceTitle "playchess.com"]
[Source "ChessBase"]
[SourceQuality "1"]
[WhiteTeam "Thessalonikis"]
[BlackTeam "Beer Sheva"]

1. d4 Nf6 2. c4 e6 3. Nc3 Bb4 4. e3 d5 5. Nf3 O-O 6. Bd3 c5 7. cxd5 cxd4 8. exd4 Nxd5 9. O-O Nc6 10. Bc2 Be7 11. Qd3 g6 12. Bb3 Nxc3 13. bxc3 b6 14. Bh6 Re8 15. h4 Bb7 16. h5 Bf6 17. Rfe1 Bg7 18. Qe3 Ne7 19. Bxg7 Nf5 20. Qe5 Nxg7 21. hxg6 hxg6 22. Nh2 Qb8 23. Qg5 Qd8 24. Qe5 Qb8 25. Qg5 Qd8 26. Qe5 Qb8 1/2-1/2

[Event "34th European Club Cup 2018"]
[Site "Halkidiki"]
[Date "2018.10.17"]
[Round "6"]
[White "Markgraf, Alexander"]
[Black "Valner, Uku"]
[Result "1/2-1/2"]
[WhiteElo "2502"]
[BlackElo "2236"]
[Annotator "ChessBase"]
[PlyCount "83"]
[EventDate "2018.10.12"]
[EventType "team-tourn"]
[EventCountry "GRE"]
[SourceTitle "playchess.com"]
[Source "ChessBase"]
[SourceQuality "1"]
[WhiteTeam "Bremen"]
[BlackTeam "Reval"]

1. e4 e6 2. d4 d5 3. Nc3 Bb4 4. e5 c5 5. a3 Bxc3+ 6. bxc3 Qc7 7. Qg4 f6 8. Nf3 c4 9. h4 h5 10. Qf4 Nc6 11. Rb1 Nh6 12. exf6 Qxf4 13. Bxf4 gxf6 14. g3 Ng4 15. Bg2 Ne7 16. O-O Ng6 17. Bd2 Rb8 18. Rfe1 Kf7 19. Re2 Bd7 20. Ne1 Bc6 21. Bh3 Rbe8 22. Ng2 f5 23. f3 Nf6 24. Rbe1 Ba4 25. Bg5 Bd7 26. Kf2 Nh7 27. Bc1 Rhg8 28. Kg1 Nf6 29. Kh2 Rh8 30. Bg5 Nh7 31. Bd2 Nf6 32. Rb1 Bc6 33. Rf1 Bd7 34. Rfe1 Rhg8 35. Bg5 Rh8 36. Bc1 Rhg8 37. Bg5 Rh8 38. Kg1 Nh7 39. Bc1 Nf6 40. Kf2 Rhg8 41. Bg5 Rh8 42. Bc1 1/2-1/2